Bolivia a la hora del Che /

Bibliographic Details
Main Author: Vasquez Diaz, Ruben
Format: Book
Language:Spanish
Published: Mexico : Siglo Veintiuno Editores, 1968.
Edition:1a ed.
Series:Historia y arqueologia.
Subjects:

MARC

Tag First Indicator Second Indicator Subfields
LEADER 00000cam a22000001a 4500
001 in00000375340
005 20151011090440.0
008 770517s1968 mx 00010 spam
010 |a  76397464  
025 |a LACAP68-6784 
035 |a (OCoLC)01929754 
035 |9 ABQ6188AM 
040 |a DLC  |c DLC  |d m.c.  |d TXA  |d UtOrBLW 
043 |a s-bo--- 
049 |a TXAM  |c [1505581] 
050 0 0 |a F3326  |b  V3 
100 1 |a Vasquez Diaz, Ruben. 
245 1 0 |a Bolivia a la hora del Che /  |c por Ruben Vasquez Diaz. 
250 |a 1a ed. 
264 1 |a Mexico :  |b Siglo Veintiuno Editores,  |c 1968. 
300 |a viii, 315 pages ;  |c 19 cm. 
336 |a text  |b txt  |2 rdacontent 
337 |a unmediated  |b n  |2 rdamedia 
338 |a volume  |b nc  |2 rdacarrier 
490 1 |a Historia y arqueologia 
600 1 0 |a Guevara, Che,  |d 1928-1967. 
650 0 |a Subversive activities  |z Bolivia. 
650 0 |a Political crimes and offenses  |z Bolivia. 
651 0 |a Bolivia  |x History  |y 1938- 
830 0 |a Historia y arqueologia. 
999 |a MARS 
999 f f |s f8ea2a40-662d-36da-a85c-7e87109bd45f  |i 6a735d61-2a85-3e7d-a48e-cb071c9ad4fe  |t 0 
952 f f |p ric  |a Texas A&M University  |b Rellis Campus  |c Joint Library Facility  |d Remote Storage  |t 0  |e F3326 V3  |h Library of Congress classification  |i unmediated -- volume  |m A14807451259 
998 f f |a F3326 V3  |t 0  |l Remote Storage